000
00356nam a2200157Ia 4500
008
221030s9999 xx 000 0 und d
020
_a
0074600265
041
_a
English
082
_a
105.23
_b
Baw
100
_a
H. S. Bawa
245
0
_a
Workshop Technology Vol. I
260
_b
TMH
_a
New Delhi
_c
1999
300
_a
330
650
_a
Mechanical
942
_c
BK
999
_c
906
_d
906